| 000 | 01012nam a2200253Ia 4500 | ||
|---|---|---|---|
| 001 | Z_3186 | ||
| 003 | CHAP | ||
| 008 | 220113s1998 xx 000 0 und d | ||
| 010 | _a166294 | ||
| 040 | _cCHAP | ||
| 082 | _a636.9322 C 65 | ||
| 100 |
_aCongreso de Cunicultura de las Américas (1 : 1998 : Montecillo, Edo. de México) _9140365 |
||
| 245 |
_aCurso avanzado de cunicultura / _cpor La Asociación Científica Mundial de Cunicultura |
||
| 260 |
_aMontecillo, Méx. : _bColegio de Postgraduados, _c1998 |
||
| 300 | _aV.1,2,3, | ||
| 500 | _aLa biblioteca tiene : v. 1 Nutrición y reproducción -- v. 2 Sanidad y patología, cunicultura industrial y Mejora genética, v. 3 Producción cunícola familiar | ||
| 650 |
_aCunicultura _xCongresos I. Asociación Científica Mundial de Cunicultura II. C. P. Instituto de Recursos Genéticos y Productividad Especialidad de Ganadería _9140366 |
||
| 901 | _a636.9322 C 65 | ||
| 902 | _aM | ||
| 910 | _a1998 | ||
| 942 | _c1 | ||
| 942 | _cc1 | ||
| 999 |
_c166294 _d166294 |
||